| 000 | 00790cab a2200265 4500 | ||
|---|---|---|---|
| 001 | X1781 | ||
| 008 | 090401t1994 xxu||||| |||| 00| 0 eng d | ||
| 035 | _a(Sirsi) u19225 | ||
| 041 | _aeng | ||
| 245 | _aWest Faulkner Associates (a firm) v Newham LB | ||
| 260 | _c1994 | ||
| 350 | _a0 | ||
| 490 |
_aConstruction Industry Law Letter _v(1994) CILL 988-991(4) |
||
| 520 | _aMeaning of `regularly and diligently` - architect`s duty. (From journal). CA 10 November 1994. | ||
| 650 | _aARCHITECTS' DUTIES | ||
| 650 | _aARCHITECTS | ||
| 650 | _aCLAUSE 25 NOTICE | ||
| 650 | _aDELAY | ||
| 650 | _aDUTY OF CARE | ||
| 650 | _aSUPERVISION | ||
| 690 | _aBUILDING AND CONSTRUCTION-CASE LAW | ||
| 690 | _aBUILT ENVIRONMENT-BUILDING CONTRACT FORMS | ||
| 942 | _n0 | ||
| 948 | _c04/03/1997 | ||
| 999 |
_c12813 _d12813 |
||